Logos I like - Statistics

General Stats
  • This quiz has been taken 472 times
  • The average score is 33 of 50
Answer Stats
Picture Answer % Correct
KFC
99%
Pepsi
98%
Pizza Hut
96%
Pringles
96%
Taco Bell
96%
Twitter
89%
Google
88%
Xbox
87%
Starbucks
86%
Walmart
86%
McDonalds
85%
Snapchat
84%
Facebook
83%
Instagram
83%
Snickers
83%
Microsoft
80%
Visa
80%
Wendys
80%
Nike
79%
Dominos
78%
Red bull
78%
Dunkin Donuts
74%
MasterCard
74%
Nintendo
73%
Youtube
73%
Android
72%
Netflix
72%
Sprite
71%
Doritos
70%
Puma
70%
Adidas
69%
Samsung
69%
Burger King
68%
Target
68%
Best Buy
66%
Mountain Dew
61%
NBC
56%
Under Armour
55%
Arbys
54%
Chick-fil-A
54%
Hersheys
47%
JIF
45%
AT&T
41%
Tostitos
34%
Verizon
33%
Ps4
32%
Monster Energy Drink
14%
Coke-A-Cola
8%
Gatarade
4%
Sooubway
3%
No matching quizzes found
Score Distribution
Percent of People with Each Score
Percentile by Number Answered
Your Score History
You have not taken this quiz